Principles of macroeconomics / (Record no. 7387)

MARC details
000 -LEADER
fixed length control field 01257cam a2200205 4500
001 - CONTROL NUMBER
control field 8533
005 - DATE AND TIME OF LATEST TRANSACTION
control field 20181127190159.0
008 - FIXED-LENGTH DATA ELEMENTS--GENERAL INFORMATION
fixed length control field 121219s2011 ii b 001 0 eng
020 ## - INTERNATIONAL STANDARD BOOK NUMBER
International Standard Book Number 019807736X
International Standard Book Number 9780198077367
100 1# - MAIN ENTRY--PERSONAL NAME
Personal name Sikdar, Soumyen.
245 10 - TITLE STATEMENT
Title Principles of macroeconomics /
Statement of responsibility, etc. Soumyen Sikdar.
250 ## - EDITION STATEMENT
Edition statement 2nd ed.
260 ## - PUBLICATION, DISTRIBUTION, ETC.
Place of publication, distribution, etc. New Delhi :
Name of publisher, distributor, etc. Oxford University Press,
Date of publication, distribution, etc. 2011.
300 ## - PHYSICAL DESCRIPTION
Extent vii, 203 p. ;
Dimensions 25 cm.
504 ## - BIBLIOGRAPHY, ETC. NOTE
Bibliography, etc. note Includes bibliographical references (p. [195]-196) and index.
505 ## - FORMATTED CONTENTS NOTE
Formatted contents note CONTENTS : . Introduction ; 2. Measuring the Economy's Performance ; 3. Theory of Income Determination ; 4. Money, Interest, and Income ; 5. Fiscal and Monetary Policy ; 6. The Banking System, Supply of Money, and the Conduct of Monetary Policy ; 7. Opening up the Economy ; 8. Determination of the Aggregate Price Level ; 9. The Problem of Inflation ; 10. Economic Growth ; 11. Special Topics ; GLOSSARY ; REFERENCES ; INDEX
Miscellaneous information
Statement of responsibility
Title
520 ## - SUMMARY, ETC.
Summary, etc. This book provides a lucid and concise introduction to the theoretical and practical aspects of macroeconomics. With India-centric examples, data, and case studies, it provides an overview of economic policies crucial to growth and development.
650 #0 - SUBJECT ADDED ENTRY--TOPICAL TERM
Topical term or geographic name entry element Macroeconomics.
Holdings
Withdrawn status Lost status Source of classification or shelving scheme Damaged status Not for loan Collection code Home library Current library Shelving location Date acquired Serial Enumeration / chronology Inventory number Total Checkouts Full call number Barcode Date last seen Date last checked out Price effective from Koha item type
    Dewey Decimal Classification     Main TEST RTC Library RTC Library Main opac 22/08/2022 12891 1 339 SIK 30013491 22/08/2022 22/08/2022 27/11/2018 Main
Royal Thimphu College || All Right Reserved